| 000 | 00603nam a2200229Ia 4500 | ||
|---|---|---|---|
| 003 | OSt | ||
| 005 | 20220928122310.0 | ||
| 006 | a|||||r|||| 00| 0 | ||
| 007 | ta | ||
| 008 | 220927b |||||||| |||| 00| 0 eng d | ||
| 024 | _a45240 | ||
| 037 | _cTextual | ||
| 040 |
_aSDCL _cSDCL _beng |
||
| 041 |
_2eng _aeng |
||
| 082 | _aV281(Y35)'M, L4 | ||
| 100 |
_aHearn Gordon Risley _9457267 |
||
| 245 | 0 | _aSeven cities of Delhi | |
| 260 |
_aDelhi _bRam Nath _c1974 |
||
| 300 |
_axiv,319p _ccm. |
||
| 942 |
_hV281(Y35)'M, L4 _cTEXL _2CC |
||
| 999 |
_c770755 _d770755 |
||